000 00399nam a22001697a 4500
999 _c8742
_d8742
003 OSt
008 200709b ||||| |||| 00| 0 eng d
020 _a9789351643425
082 _a628 PAE
100 _aPawar, kishore R
245 _aEnvironmental Science
250 _a2nd ,2019
260 _aNew Delhi
_b Nirali Prakashan
300 _a3.86
650 _aBiology and EVS
942 _2ddc
_cBK
_05